| 000 | 00737nam a22001937a 4500 | ||
|---|---|---|---|
| 003 | LK-CoDNM | ||
| 005 | 20241101114258.0 | ||
| 008 | 241025b |||||||| |||| 00| 0 eng d | ||
| 040 |
_aLK-CoDNM _dLK-CoDNM _eLK-CoDNM |
||
| 041 | _asin | ||
| 080 |
_aප්ර.ස _b18 |
||
| 245 |
_aසත්ය මාර් ගය _b3 - කාණ්ඩය _c1869 අගෝස්තු - ඔක්තෝම්බර් 1 - 6 කලාපය |
||
| 300 | _a250P. : ILL ; 28 CM | ||
| 650 | _aප්ර.ස 18 | ||
| 650 | _aසත්ය මාර් ගය | ||
| 650 | _a1869 අගෝස්තු - ඔක්තෝම්බර් 1 - 6 කලාපය | ||
| 650 | _a3 - කාණ්ඩය | ||
| 942 | _cBK | ||
| 999 |
_c225325 _d225325 |
||